Men are from Mars, women are from Venus : (Record no. 29920)
[ view plain ]
| 000 -LEADER | |
|---|---|
| fixed length control field | 01615 am a2200325Ia 4500 |
| 001 - CONTROL NUMBER | |
| control field | ocm54358493 |
| 003 - CONTROL NUMBER IDENTIFIER | |
| control field | OCoLC |
| 005 - DATE AND TIME OF LATEST TRANSACTION | |
| control field | 20220830123259.0 |
| 008 - FIXED-LENGTH DATA ELEMENTS--GENERAL INFORMATION | |
| fixed length control field | 040205s2004 nyu f 000 0 eng d |
| 020 ## - INTERNATIONAL STANDARD BOOK NUMBER | |
| International Standard Book Number | 9780060574215 |
| 035 ## - SYSTEM CONTROL NUMBER | |
| System control number | (OCoLC)ocm54358493 |
| 040 ## - CATALOGING SOURCE | |
| Original cataloging agency | NTG |
| Language of cataloging | eng |
| Description conventions | rda |
| Transcribing agency | NTG |
| Modifying agency | VYM |
| -- | OCLCQ |
| -- | UOI |
| -- | EG-ScBUE |
| 082 04 - DEWEY DECIMAL CLASSIFICATION NUMBER | |
| Classification number | 646.78 |
| Edition number | 22 |
| Item number | GRA |
| 100 1# - MAIN ENTRY--PERSONAL NAME | |
| Personal name | Gray, John, |
| Dates associated with a name | 1951- |
| Relator term | author. |
| 245 10 - TITLE STATEMENT | |
| Title | Men are from Mars, women are from Venus : |
| Remainder of title | the classic guide to understanding the opposite sex / |
| Statement of responsibility, etc | John Gray, Ph.D. |
| 250 ## - EDITION STATEMENT | |
| Edition statement | First Quill edition. |
| 264 #1 - PUBLICATION, DISTRIBUTION, ETC. (IMPRINT) | |
| Place of publication, distribution, etc | New York, NY : |
| Name of publisher, distributor, etc | Harper Collins Publishers, |
| Date of publication, distribution, etc | 2004. |
| 300 ## - PHYSICAL DESCRIPTION | |
| Extent | xxxiii, 323 pages ; |
| Dimensions | 20 cm |
| 336 ## - CONTENT TYPE | |
| Source | rdacontent |
| Content type term | text |
| Content type code | txt |
| 337 ## - MEDIA TYPE | |
| Source | rdamedia |
| Media type term | unmediated |
| Media type code | n |
| 338 ## - CARRIER TYPE | |
| Source | rdacarrier |
| Carrier type term | volume |
| Carrier type code | nc |
| 505 00 - FORMATTED CONTENTS NOTE | |
| Miscellaneous information | Acknowledgments -- |
| -- | Introduction to the paperback edition -- |
| -- | Introduction -- |
| Title | Men are from Mars, woman are from Venus -- |
| -- | Mr. Fix-it and the home-improvement committee -- |
| -- | Men go to their caves and women talk -- |
| -- | How to motivate the opposite sex -- |
| -- | Speaking different languages -- |
| -- | Men are like rubber bands -- |
| -- | Women are like waves -- |
| -- | Discovering our different emotional needs -- |
| -- | How to avoid arguments -- |
| -- | Scoring points with the opposite sex -- |
| -- | How to communicate difficult feelings -- |
| -- | How to ask for support and get it -- |
| -- | Keeping the magic of love alive. |
| 650 #7 - SUBJECT ADDED ENTRY--TOPICAL TERM | |
| Topical term or geographic name as entry element | Marriage. |
| Source of heading or term | BUEsh |
| 9 (RLIN) | 40232 |
| 650 #7 - SUBJECT ADDED ENTRY--TOPICAL TERM | |
| Topical term or geographic name as entry element | Communication in marriage. |
| Source of heading or term | BUEsh |
| 650 #7 - SUBJECT ADDED ENTRY--TOPICAL TERM | |
| Topical term or geographic name as entry element | Interpersonal relations. |
| Source of heading or term | BUEsh |
| 653 ## - INDEX TERM--UNCONTROLLED | |
| Resource For college | Generalities |
| Arrived date list | August2022 |
| 655 ## - INDEX TERM--GENRE/FORM | |
| Form subdivision | Reading book |
| 9 (RLIN) | 34232 |
| 942 ## - ADDED ENTRY ELEMENTS (KOHA) | |
| Source of classification or shelving scheme | Dewey Decimal Classification |
| Koha item type | Book - Borrowing |
| Withdrawn status | Lost status | Source of classification or shelving scheme | Damaged status | Not for loan | Collection code | Home library | Current library | Shelving location | Date acquired | Source of acquisition | Total Checkouts | Full call number | Barcode | Checked out | Date last seen | Date checked out | Price effective from | Koha item type |
|---|---|---|---|---|---|---|---|---|---|---|---|---|---|---|---|---|---|---|
| Dewey Decimal Classification | Donation-Gift | Central Library | Central Library | First floor | 30/08/2022 | Purchase | 1 | 646.78 GRA | 000056378 | 18/10/2025 | 17/09/2025 | 17/09/2025 | 30/08/2022 | Book - Borrowing |